Autour du Covid-19 - Statistiques

Statistiques générales
  • Ce quiz a été pris 13 fois
  • Le résultat moyen est 12 sur 50
Statistiques - réponses
Question Réponse % Correct
Le Vatican a interdit la présence du public lors des célébrations de Pâques en 2020 VRAI
100%
Le premier pays d'Europe touché a été l'Italie FAUX
67%
Le premier confinement a été mis en place en France le 17 mars 2020 VRAI
67%
En Espagne, la communauté de Madrid et la Catalogne sont les deux régions les plus touchées par l'épidémie VRAI
67%
En Allemagne, le Bade-Wurtemberg, la Rhénanie du Nord-Wesphalie sont les deux régions les plus touchées. FAUX
33%
Au 30 novembre 2022, seuls 6 territoires isolés n'ont pas été atteints par la Pandémie. FAUX
33%
Aux Etats-Unis, Détroit, New-York, Los Angeles et Washington ont été les villes les plus touchées... FAUX
33%
Un seul vaccin est proposé en France FAUX
33%
Le couturier Kenzo est mort du Covid-19 en 2021 à 81 ans. FAUX
33%
Pendant la pandémie, dans de nombreux pays les habitants confinés applaudissent les soignants une fois par jour, à 18 heures en France FAUX
33%
Le premier décès aurait eu lieu en Chine le 10 février 2020 FAUX
33%
Un troisième confinement a lieu du 3 avril au 3 juin 2021 en France FAUX
33%
Pendant la première phase du confinement, il était interdit de faire du sport FAUX
33%
En Italie, plus de la moitié des décès italiens ont été comptabilisé à Rome FAUX
33%
Le saxophoniste Manu Dibango est mort en France du Covid en mars 2020. VRAI
33%
Le passe sanitaire européen a été mis en place le 1er juillet 2021 VRAI
33%
Les premiers cas de Covid-19 seraient apparus parmi les clients et les commerçants du marché aux fruits de mer de Huanan VRAI
33%
En Afrique les deux derniers pays à avoir été contaminés sont officiellement le Lesotho et les Comores VRAI
33%
L'OMS a prononcé l'état d'urgence de santé publique de portée internationale le 30 janvier 2020. VRAI
33%
Le virus a connu au moins cinq variants depuis sa découverte. VRAI
33%
La ville la plus concernée de Chine est Wuhan VRAI
33%
Le second tout des élections municipales a été reporté en France à cause du confinement VRAI
33%
Deux navires de croisière ont été mis en quarantaine après la découverte de cas à bord VRAI
33%
En France, le Grand Est représente 19% des décès VRAI
33%
Durant le premier confinement en France les violences sur des enfants de moins de 5 ans ont augmenté de 50% ET celles sur conjoint de 42% VRAI
33%
L'ancien ministre Patrick Devedjian est mort du Covid en mars 2020 ; il était né en 1944 VRAI
33%
Le premier décès a été recensé en France le 15 février 2020 VRAI
33%
L'Angleterre, le Pays de Galles et la Suède n'ont pas mis en place de mesures strictes de confinement VRAI
33%
Au 31 mars 2020, 8 pays avaient déjà comptabilisé 1000 décès au moins VRAI
33%
Pour aider les enfants déscolarisés, une chaine diffuse des programmes à la télévision VRAI
33%
En France la vaccination a été ouverte aux moins de 12 ans en septembre 2021 FAUX
0%
Pour lutter contre le Covid 19 une application a été développée, elle se nomme Anti Covid FAUX
0%
En France l'Ile-de-France représente à elle seule 29 % des décès FAUX
0%
Le premier confinement a été totalement levé le 30 juin 2020 en France FAUX
0%
Au Canada, Toronto et Québec ont été les villes les plus touchées FAUX
0%
Le premier décès hors de Chine a eu lieu au Japon FAUX
0%
La première dose de vaccin a été administrée en France le 27 janvier 2021 FAUX
0%
3 pays ont déclaré leur 1er cas en 2021 FAUX
0%
C'est le 11 avril 2020 que l'OMS déclare que l'épidémie en cours est une pandémie FAUX
0%
Le deuxième confinement national a duré en France du 30 octobre au 15 décembre 2020 VRAI
0%
Au Brésil les décès se sont concentrés sur quatre villes VRAI
0%
Les Etats-Unis ont été atteints par la pandémie plusieurs jours avant la France VRAI
0%
Le premier cas au Japon a été recensé le 14 janvier 2020 VRAI
0%
En Belgique, les décès se sont concentrés sur la région de Bruxelles-capiale VRAI
0%
Le chanteur Christophe, décédé le 16 avril 2020, fait partie des victimes deu Covid-19. VRAI
0%
On a créé la mention "Mort pour le service de la République" pour les personnels exerçant dans le domaine de la santé et dont le décès est reconnu imputable au covid-19 entre le 1er janvier 2020 et le 31 juillet 2022 VRAI
0%
Les Etats-Unis et le Brésil sont les deux pays les plus touchés du continent américain VRAI
0%
Le Turkménistan est le seul pays d'Asie qui a déclaré ne pas avoir été concerné par la pandémie VRAI
0%
La Corée du Nord a déclaré son 1er cas en mai 2022 VRAI
0%
Le Monténégro a été le dernier pays européen a être touché par la pandémie VRAI
0%
Aucun quiz correspondant
Distribution des résultats
% des personnes avec chaque résultat
Percentile par nombre de réponses
Votre historique - résultats
Vous n’avez pas pris ce quiz